000 00648nam a2200205Ia 4500
003 GCL
008 140319s9999 xx 000 0 ara d
040 _aGCL /
_cGCL
082 0 4 _a590.7
_bع ت
100 1 _aعزالدين فراج
245 1 0 _aتربية وتغذية الابقار والجاموس والاغنام ودواب الركوب /
_cعزالدين فراج
260 _a[S.N] :
_bدار الفكر العربى ،
_c1980
300 _a224
490 _a
650 0 4 _aالتربية
650 0 4 _aالانتاج الحيوانى
650 0 4 _aالماشية
650 0 4 _aالحيوانات - تربية
942 _2ddc
_cBK
999 _c51567
_d51567